| 000 | 00418nam a22001697a 4500 | ||
|---|---|---|---|
| 005 | 20250321151847.0 | ||
| 008 | 250321b |||||||| |||| 00| 0 eng d | ||
| 020 | _a9780077114237 | ||
| 050 | _aHB 171.5 BEG | ||
| 100 | _aBEGG DAVID | ||
| 245 | _aFOUNDATIONS OF ECONOMICS | ||
| 250 | _a3RD ED. | ||
| 260 |
_aLONDON _bMcGRAW HILL _c2006 |
||
| 300 | _aXVI,379p. | ||
| 500 | _aILLUS.,GRAPHS,TABLES | ||
| 942 |
_2lcc _cBK _n0 |
||
| 999 |
_c5052 _d5052 |
||